[Event "Karlsruhe Grenke op"]
[Site "Karlsruhe"]
[Date "2024.03.30"]
[Round "4"]
[White "Dann, Matthias"]
[Black "Rudzinska, Michalina"]
[Result "1-0"]
[WhiteElo "2476"]
[BlackElo "2302"]
[PlyCount "99"]
[EventDate "2024.03.28"]
[EventType "swiss"]
[EventRounds "9"]
[EventCountry "GER"]
[SourceTitle "CB14_2024"]
[SourceDate "2024.04.01"]
[SourceVersion "1"]
[SourceVersionDate "2024.04.01"]
[SourceQuality "1"]

1. e4 c6 2. Nc3 d5 3. Nf3 dxe4 4. Nxe4 Nf6 5. Nxf6+ exf6 6. Bc4 Bd6 7. Qe2+ Be7 8. 0-0 0-0 9. d4 Bd6 10. Re1 a5 11. c3 Na6 12. h3 Nc7 13. Qc2 Re8 14. Rxe8+ Qxe8 15. Bd3 g6 16. c4 Be6 17. Nd2 Qd7 18. Ne4 Be7 19. Be3 f5 20. Nc5 Bxc5 21. dxc5 Na6 22. Qc3 Qe7 23. Qxa5 Qh4 24. Qc3 f4 25. Bd4 f3 26. Bf1 fxg2 27. Bxg2 Nc7 28. b3 Bf5 29. Bf6 Qh5 30. Qg3 Ne6 31. Bb2 Rf8 32. Re1 Ng5 33. h4 Ne6 34. b4 f6 35. a4 Qh6 36. Bc1 Qg7 37. a5 Rd8 38. a6 bxa6 39. Bxc6 Rd4 40. Qb8+ Qf8 41. Qxf8+ Kxf8 42. f3 Rxh4 43. Bd5 Nd4 44. c6 Nc2 45. Re6 Bxe6 46. Bxe6 Ke7 47. c7 Rxc4 48. Bxc4 Kd7 49. Bf4 Nd4 50. Bxa6 1-0

[Event "Titled Tuesday intern op 16th Jan Early"]
[Site "Chess.com INT"]
[Date "2024.01.16"]
[Round "4"]
[White "Dann, Matthias"]
[Black "Munoz, Francisco Javier"]
[Result "0-1"]
[WhiteElo "2474"]
[BlackElo "2389"]
[PlyCount "50"]
[EventDate "2024.01.16"]
[EventType "swiss (blitz)"]
[EventRounds "11"]
[EventCountry "USA"]
[SourceTitle "CB04_2024"]
[SourceDate "2023.10.16"]
[SourceVersion "1"]
[SourceVersionDate "2023.10.16"]
[SourceQuality "1"]

1. e4 e5 2. Nf3 Nc6 3. Bb5 a6 4. Ba4 Nge7 5. Nc3 Ng6 6. h4 d6 7. h5 Nf4 8. d4 b5 9. Bxf4 bxa4 10. dxe5 Bg4 11. exd6 Bxd6 12. Bxd6 cxd6 13. h6 0-0 14. hxg7 Re8 15. Qd5 Ne5 16. 0-0-0 Qf6 17. Qxd6 Re6 18. Qd5 Rc8 19. Nxe5 Rxe5 20. Qd6 Re6 21. Qh2 h6 22. f3 a3 23. fxg4 axb2+ 24. Kb1 Qxc3 25. g5 Qxc2# 0-1

[Event "Titled Tuesday intern op 26th Sep Early"]
[Site "Chess.com INT"]
[Date "2023.09.26"]
[Round "5"]
[White "Dann, Matthias"]
[Black "Chirivi Castiblanco, Jenny Astrid"]
[Result "1-0"]
[WhiteElo "2477"]
[BlackElo "2173"]
[PlyCount "93"]
[EventDate "2023.09.26"]
[EventType "swiss (blitz)"]
[EventRounds "11"]
[EventCountry "USA"]
[SourceTitle "EXT 2024"]
[Source "ChessBase"]
[SourceDate "2023.10.10"]
[SourceVersion "1"]
[SourceVersionDate "2023.10.10"]
[SourceQuality "1"]

1. e4 c5 2. Nf3 e6 3. d4 cxd4 4. Nxd4 a6 5. Nc3 Qc7 6. Qf3 b5 7. Bf4 d6 8. 0-0-0 Bb7 9. Bxb5+ axb5 10. Ndxb5 Qa5 11. Bxd6 Na6 12. Bxf8 Kxf8 13. Rd7 Nf6 14. Rxb7 Nc5 15. Rc7 Na6 16. Rc4 Rb8 17. Rd1 Nb4 18. a3 Na6 19. g4 h6 20. Rc6 Kg8 21. b4 Rxb5 22. bxa5 Rxa5 23. Rc8+ Kh7 24. Rxh8+ Kxh8 25. h4 Kh7 26. g5 hxg5 27. hxg5 Rxg5 28. Ne2 Nc5 29. Nf4 Ncxe4 30. Qh3+ Nh5 31. Nxh5 Kg6 32. Nf4+ Kf6 33. Nh5+ Kg6 34. Ng3 Nxf2 35. Qh2 Nxd1 36. Kxd1 e5 37. Kc1 f6 38. Qf2 Kf7 39. Ne2 Kg6 40. Qe3 Kf7 41. a4 Rg4 42. a5 Ra4 43. Qb6 Kg6 44. a6 Ra1+ 45. Kb2 Re1 46. a7 Rxe2 47. a8Q 1-0

[Event "Titled Tuesday intern op 12th Sep Early"]
[Site "Chess.com INT"]
[Date "2023.09.12"]
[Round "2"]
[White "Dann, Matthias"]
[Black "Schut, Han"]
[Result "1-0"]
[WhiteElo "2477"]
[BlackElo "2091"]
[PlyCount "51"]
[EventDate "2023.09.12"]
[EventType "swiss (blitz)"]
[EventRounds "11"]
[EventCountry "USA"]
[SourceTitle "EXT 2024"]
[Source "ChessBase"]
[SourceDate "2023.10.10"]
[SourceVersion "1"]
[SourceVersionDate "2023.10.10"]
[SourceQuality "1"]

1. d4 Nf6 2. c4 g6 3. Nc3 d5 4. cxd5 Nxd5 5. e4 Nxc3 6. bxc3 Bg7 7. Nf3 c5 8. Rb1 0-0 9. Be2 Nc6 10. d5 Ne5 11. Nxe5 Bxe5 12. Qd2 e6 13. f4 Bc7 14. 0-0 exd5 15. exd5 Ba5 16. Ba3 Bf5 17. Rxb7 Bb6 18. d6 Be4 19. Re7 Bc6 20. Bc4 Qc8 21. f5 Bd8 22. Rxf7 Rxf7 23. fxg6 hxg6 24. Qh6 Be8 25. Qxg6+ Kh8 26. Bxf7 1-0

[Event "Titled Tuesday intern op 12th Sep Early"]
[Site "Chess.com INT"]
[Date "2023.09.12"]
[Round "7"]
[White "Dann, Matthias"]
[Black "Vifleemskaia, Svetlana"]
[Result "0-1"]
[WhiteElo "2477"]
[BlackElo "1903"]
[PlyCount "74"]
[EventDate "2023.09.12"]
[EventType "swiss (blitz)"]
[EventRounds "11"]
[EventCountry "USA"]
[SourceTitle "EXT 2024"]
[Source "ChessBase"]
[SourceDate "2023.10.10"]
[SourceVersion "1"]
[SourceVersionDate "2023.10.10"]
[SourceQuality "1"]

1. e4 e5 2. Nf3 Nc6 3. Bb5 a6 4. Ba4 Nf6 5. 0-0 Be7 6. Re1 b5 7. Bb3 d6 8. c3 0-0 9. h3 Nd7 10. d4 Bf6 11. Be3 Na5 12. Bc2 Nc4 13. Bc1 c5 14. d5 g6 15. b3 Ncb6 16. Bh6 Bg7 17. Bxg7 Kxg7 18. Nbd2 Nf6 19. a4 Bd7 20. a5 Nc8 21. c4 b4 22. g4 h5 23. Nh2 hxg4 24. hxg4 Rh8 25. Ndf1 Rh4 26. f3 Qh8 27. Qe2 Ne7 28. Qg2 g5 29. Ng3 Ng6 30. Ne2 Qh6 31. Nf1 Rh8 32. Ra2 Nf4 33. Nxf4 exf4 34. Bd3 Bc8 35. Rae2 Nd7 36. Bc2 Ne5 37. Rf2 Rh1+ 0-1

[Event "Titled Tuesday intern op 12th Sep Early"]
[Site "Chess.com INT"]
[Date "2023.09.12"]
[Round "1"]
[White "Galchenko, Matvey"]
[Black "Dann, Matthias"]
[Result "1-0"]
[WhiteElo "2438"]
[BlackElo "2477"]
[PlyCount "43"]
[EventDate "2023.09.12"]
[EventType "swiss (blitz)"]
[EventRounds "11"]
[EventCountry "USA"]
[SourceTitle "EXT 2024"]
[Source "ChessBase"]
[SourceDate "2023.10.10"]
[SourceVersion "1"]
[SourceVersionDate "2023.10.10"]
[SourceQuality "1"]

1. f4 d5 2. Nf3 g6 3. g3 Bg7 4. Bg2 Nf6 5. 0-0 0-0 6. d3 c5 7. Nc3 Nc6 8. e4 dxe4 9. dxe4 e5 10. Qxd8 Rxd8 11. Nxe5 Nxe5 12. fxe5 Ng4 13. Bg5 Re8 14. Nd5 Bxe5 15. h3 Bd4+ 16. Kh1 Nf2+ 17. Kh2 Rf8 18. c3 Nd3 19. cxd4 cxd4 20. Bf6 h5 21. Bxd4 f5 22. Rad1 1-0

[Event "Titled Tuesday intern op 29th Aug Early"]
[Site "Chess.com INT"]
[Date "2023.08.29"]
[Round "6"]
[White "Blanco Diez, David"]
[Black "Dann, Matthias"]
[Result "0-1"]
[WhiteElo "2279"]
[BlackElo "2477"]
[PlyCount "44"]
[EventDate "2023.08.29"]
[EventType "swiss (blitz)"]
[EventRounds "11"]
[EventCountry "USA"]
[SourceTitle "EXT 2024"]
[Source "ChessBase"]
[SourceDate "2023.10.10"]
[SourceVersion "1"]
[SourceVersionDate "2023.10.10"]
[SourceQuality "1"]

1. Nf3 d5 2. b3 Nf6 3. Bb2 Bf5 4. g3 e6 5. Bg2 Bd6 6. 0-0 0-0 7. d3 a5 8. a4 c6 9. Nbd2 Nbd7 10. e4 dxe4 11. dxe4 Bxe4 12. Nxe4 Nxe4 13. Nh4 Ndf6 14. Re1 Nc5 15. Bxf6 gxf6 16. Qg4+ Kh8 17. Rad1 Qe7 18. Qh5 Be5 19. f4 Bc3 20. Re3 Bb2 21. Rb1 Bd4 22. Nf5 exf5 0-1

[Event "Titled Tuesday intern op 29th Aug Early"]
[Site "Chess.com INT"]
[Date "2023.08.29"]
[Round "3"]
[White "Dann, Matthias"]
[Black "Antonio, Jorge Carlos"]
[Result "1-0"]
[WhiteElo "2477"]
[BlackElo "2277"]
[PlyCount "91"]
[EventDate "2023.08.29"]
[EventType "swiss (blitz)"]
[EventRounds "11"]
[EventCountry "USA"]
[SourceTitle "EXT 2024"]
[Source "ChessBase"]
[SourceDate "2023.10.10"]
[SourceVersion "1"]
[SourceVersionDate "2023.10.10"]
[SourceQuality "1"]

1. e4 g6 2. d4 Bg7 3. Nc3 e5 4. dxe5 Bxe5 5. Nf3 Bxc3+ 6. bxc3 d6 7. h4 Nf6 8. Bh6 Qe7 9. Bd3 Nc6 10. Rb1 Nxe4 11. 0-0 Nxc3 12. Qc1 Nxb1 13. Qxb1 f6 14. Bb5 Kf7 15. Bxc6 bxc6 16. Re1 Qd8 17. Qb3+ d5 18. Qc3 Bf5 19. Ng5+ Kg8 20. Qxc6 fxg5 21. Re7 Qxe7 22. Qxa8+ Kf7 23. Qxh8 gxh4 24. Qxh7+ Ke6 25. Qg8+ Qf7 26. Qc8+ Qd7 27. Qa6+ Qd6 28. Qxa7 Bxc2 29. Qe3+ Kd7 30. Qh3+ Bf5 31. Qxh4 c5 32. Qa4+ Qc6 33. Qa3 Kd6 34. Bf4+ Ke6 35. Qe3+ Kf7 36. Qe5 Qe6 37. Qc7+ Qe7 38. Qc6 d4 39. Qd5+ Be6 40. Qf3 Bf5 41. g4 Qe1+ 42. Kh2 Be4 43. Qb3+ Kg7 44. Be5+ Kh6 45. Qh3+ Kg5 46. f4# 1-0

[Event "Titled Tuesday intern op 29th Aug Early"]
[Site "Chess.com INT"]
[Date "2023.08.29"]
[Round "7"]
[White "Dann, Matthias"]
[Black "Preobrazhenskaya, Diana"]
[Result "0-1"]
[WhiteElo "2477"]
[BlackElo "2056"]
[PlyCount "54"]
[EventDate "2023.08.29"]
[EventType "swiss (blitz)"]
[EventRounds "11"]
[EventCountry "USA"]
[SourceTitle "EXT 2024"]
[Source "ChessBase"]
[SourceDate "2023.10.10"]
[SourceVersion "1"]
[SourceVersionDate "2023.10.10"]
[SourceQuality "1"]

1. e4 c5 2. Nf3 d6 3. d4 cxd4 4. Nxd4 Nf6 5. Nc3 a6 6. h3 e5 7. Nf3 h5 8. Ng5 Be7 9. Bc4 0-0 10. a3 b5 11. Bb3 Bb7 12. g4 h4 13. Nxf7 Rxf7 14. g5 Nxe4 15. g6 Nxc3 16. Bxf7+ Kf8 17. Qh5 Bf6 18. 0-0 Ne4 19. Be3 Nd7 20. a4 Ke7 21. axb5 axb5 22. Rxa8 Bxa8 23. Qf5 Nec5 24. Ra1 Be4 25. Qg4 Qb8 26. Bxc5 Nxc5 27. Ra6 Qb7 0-1

[Event "Titled Tuesday intern op 29th Aug Early"]
[Site "Chess.com INT"]
[Date "2023.08.29"]
[Round "1"]
[White "Sarana, Alexey"]
[Black "Dann, Matthias"]
[Result "1-0"]
[WhiteElo "2685"]
[BlackElo "2477"]
[PlyCount "43"]
[EventDate "2023.08.29"]
[EventType "swiss (blitz)"]
[EventRounds "11"]
[EventCountry "USA"]
[SourceTitle "EXT 2024"]
[Source "ChessBase"]
[SourceDate "2023.10.10"]
[SourceVersion "1"]
[SourceVersionDate "2023.10.10"]
[SourceQuality "1"]

1. d4 Nf6 2. c4 e6 3. Nc3 Bb4 4. Nf3 d5 5. Qa4+ Nc6 6. Bd2 0-0 7. a3 Bxc3 8. Bxc3 dxc4 9. e3 Ne4 10. Qxc4 Qd5 11. Rc1 Bd7 12. Nd2 Nxc3 13. Rxc3 Qxc4 14. Nxc4 Rac8 15. Be2 Ne7 16. Ne5 Ba4 17. Bf3 c6 18. Nd7 Rfd8 19. Nc5 Bb5 20. Nxb7 Rd7 21. Nc5 Rdc7 22. a4 1-0

[Event "Titled Tuesday intern op 22nd Aug Early"]
[Site "Chess.com INT"]
[Date "2023.08.22"]
[Round "1"]
[White "Dann, Matthias"]
[Black "Bacrot, Etienne"]
[Result "0-1"]
[WhiteElo "2477"]
[BlackElo "2662"]
[PlyCount "110"]
[EventDate "2023.08.22"]
[EventType "swiss (blitz)"]
[EventRounds "11"]
[EventCountry "USA"]
[SourceTitle "EXT 2024"]
[Source "ChessBase"]
[SourceDate "2023.10.10"]
[SourceVersion "1"]
[SourceVersionDate "2023.10.10"]
[SourceQuality "1"]

1. e4 c5 2. Nf3 d6 3. d4 cxd4 4. Nxd4 Nf6 5. Nc3 Nc6 6. Bg5 e6 7. Qd3 a6 8. Nxc6 bxc6 9. 0-0-0 Qa5 10. Qg3 Be7 11. h4 Rb8 12. Bc4 Nh5 13. Qg4 Nf6 14. Qg3 h6 15. Bd2 Nh5 16. Qf3 Qe5 17. Bb3 Nf6 18. Bf4 Qc5 19. Na4 Qb4 20. a3 Qxe4 21. Bxd6 Qxf3 22. gxf3 Rb5 23. Bc4 Rf5 24. Nb6 Bb7 25. Be2 Nd5 26. Bxe7 Kxe7 27. Nc4 Nf4 28. Ne3 Nxe2+ 29. Kd2 Nd4 30. Nxf5+ Nxf5 31. Kc3 c5 32. Rh3 Rc8 33. f4 h5 34. Rhd3 Bd5 35. R3d2 Kf6 36. b3 c4 37. b4 Nxh4 38. a4 Ng6 39. Rd4 h4 40. b5 axb5 41. axb5 h3 42. Kb4 h2 43. Rxd5 exd5 44. Rh1 Rh8 45. b6 Nxf4 46. Kc5 Ne6+ 47. Kd6 c3 48. Kxd5 Rb8 49. Kc6 Rc8+ 50. Kb5 Rc5+ 51. Ka6 Rh5 52. b7 Nc5+ 53. Kb6 Nxb7 54. Kxb7 Kf5 55. Kc6 Kf4 0-1

[Event "Titled Tuesday intern op 22nd Aug Early"]
[Site "Chess.com INT"]
[Date "2023.08.22"]
[Round "7"]
[White "Dann, Matthias"]
[Black "Bulmaga, Irina"]
[Result "1-0"]
[WhiteElo "2477"]
[BlackElo "2423"]
[PlyCount "47"]
[EventDate "2023.08.22"]
[EventType "swiss (blitz)"]
[EventRounds "11"]
[EventCountry "USA"]
[SourceTitle "EXT 2024"]
[Source "ChessBase"]
[SourceDate "2023.10.10"]
[SourceVersion "1"]
[SourceVersionDate "2023.10.10"]
[SourceQuality "1"]

1. e4 c5 2. Nf3 Nc6 3. d4 cxd4 4. Nxd4 e5 5. Nb5 d6 6. N1c3 a6 7. Na3 Nf6 8. Bg5 Be6 9. Nc4 h6 10. Bxf6 Qxf6 11. Nxd6+ Bxd6 12. Qxd6 Qg6 13. 0-0-0 Rd8 14. Qc5 Rxd1+ 15. Kxd1 f5 16. exf5 Bxf5 17. h4 Bxc2+ 18. Kc1 Bf5 19. Nd5 Kd7 20. Qb6 Qd6 21. Qxb7+ Ke6 22. Bc4 Na5 23. Nf4+ Kf6 24. Qf7# 1-0

[Event "Titled Tuesday intern op 22nd Aug Early"]
[Site "Chess.com INT"]
[Date "2023.08.22"]
[Round "9"]
[White "Dann, Matthias"]
[Black "Timofeev, Artyom"]
[Result "0-1"]
[WhiteElo "2477"]
[BlackElo "2576"]
[PlyCount "52"]
[EventDate "2023.08.22"]
[EventType "swiss (blitz)"]
[EventRounds "11"]
[EventCountry "USA"]
[SourceTitle "EXT 2024"]
[Source "ChessBase"]
[SourceDate "2023.10.10"]
[SourceVersion "1"]
[SourceVersionDate "2023.10.10"]
[SourceQuality "1"]

1. e4 e6 2. d4 d5 3. Nc3 dxe4 4. Nxe4 Nd7 5. Nf3 Ngf6 6. Bd3 Nxe4 7. Bxe4 Nf6 8. Bd3 c5 9. Be3 Qc7 10. Qe2 a6 11. dxc5 Bxc5 12. Bxc5 Qxc5 13. 0-0-0 0-0 14. Ne5 b5 15. g4 Bb7 16. g5 Nd5 17. Qe4 g6 18. Nd7 Qxf2 19. Nxf8 Rxf8 20. Rhg1 Rc8 21. Qe5 Ne3 22. Rge1 Nxc2 23. Kb1 Nxe1 24. Rxe1 Qd2 25. Qe3 Rc1+ 26. Rxc1 Qxe3 0-1

[Event "Titled Tuesday intern op 08th Aug Early"]
[Site "Chess.com INT"]
[Date "2023.08.08"]
[Round "6"]
[White "Dann, Matthias"]
[Black "Osinovsky, Stepan"]
[Result "1-0"]
[WhiteElo "2477"]
[BlackElo "2241"]
[PlyCount "51"]
[EventDate "2023.08.08"]
[EventType "swiss (blitz)"]
[EventRounds "11"]
[EventCountry "USA"]
[SourceTitle "EXT 2024"]
[Source "ChessBase"]
[SourceDate "2023.10.10"]
[SourceVersion "1"]
[SourceVersionDate "2023.10.10"]
[SourceQuality "1"]

1. e4 e5 2. Nf3 Nc6 3. Bc4 Nf6 4. Ng5 d5 5. exd5 Na5 6. Bb5+ c6 7. dxc6 bxc6 8. Bd3 Nd5 9. h4 h6 10. Qh5 Qe7 11. Nxf7 Nf4 12. Nd6+ Kd8 13. Nxc8 Rxc8 14. Qf3 Nb7 15. Bf5 Rc7 16. Be4 Nc5 17. d3 Qd6 18. 0-0 g5 19. Nd2 g4 20. Qe3 Qf6 21. Nc4 Nce6 22. g3 Bc5 23. Qe1 Rg8 24. Be3 Nd4 25. c3 Nc2 26. Qd2 1-0

[Event "Titled Tuesday intern op 08th Aug Late"]
[Site "Chess.com INT"]
[Date "2023.08.08"]
[Round "4"]
[White "Dann, Matthias"]
[Black "Weisz, Bryan"]
[Result "0-1"]
[WhiteElo "2477"]
[BlackElo "1981"]
[PlyCount "38"]
[EventDate "2023.08.08"]
[EventType "swiss (blitz)"]
[EventRounds "11"]
[EventCountry "USA"]
[SourceTitle "EXT 2024"]
[Source "ChessBase"]
[SourceDate "2023.10.10"]
[SourceVersion "1"]
[SourceVersionDate "2023.10.10"]
[SourceQuality "1"]

1. e4 e5 2. Nf3 Nc6 3. Bc4 Na5 4. Be2 Nf6 5. d4 Nxe4 6. 0-0 exd4 7. Re1 d5 8. c4 Bb4 9. Nbd2 0-0 10. cxd5 Qxd5 11. Bd3 Nxd2 12. Nxd2 Bf5 13. Nf3 Bxe1 14. Nxe1 Rfe8 15. Nf3 Bxd3 16. Qxd3 Qe4 17. Qd1 d3 18. Be3 Nc4 19. Nd2 Nxe3 0-1

[Event "Titled Tuesday intern op 08th Aug Late"]
[Site "Chess.com INT"]
[Date "2023.08.08"]
[Round "3"]
[White "Gao, Raymond"]
[Black "Dann, Matthias"]
[Result "1/2-1/2"]
[WhiteElo "1938"]
[BlackElo "2477"]
[PlyCount "99"]
[EventDate "2023.08.08"]
[EventType "swiss (blitz)"]
[EventRounds "11"]
[EventCountry "USA"]
[SourceTitle "EXT 2024"]
[Source "ChessBase"]
[SourceDate "2023.10.10"]
[SourceVersion "1"]
[SourceVersionDate "2023.10.10"]
[SourceQuality "1"]

1. e4 c5 2. Nf3 d6 3. d4 cxd4 4. Qxd4 Nf6 5. Be2 Nc6 6. Qe3 e5 7. 0-0 Be6 8. Rd1 Be7 9. c4 0-0 10. Nc3 Nd7 11. h3 h6 12. a3 a5 13. b3 Nc5 14. Bb2 Nxb3 15. Rab1 Ncd4 16. Nb5 Nxe2+ 17. Qxe2 Rc8 18. Bxe5 Bxc4 19. Qb2 Bxb5 20. Qxb3 Bc6 21. Bxd6 Bxd6 22. e5 Bxf3 23. Qxf3 Rc6 24. Rxb7 Qc8 25. Rxd6 Qxb7 26. Rxc6 Re8 27. Qc3 Qb1+ 28. Kh2 Qf5 29. Rc5 Qxf2 30. Rxa5 Qf4+ 31. Qg3 Qd4 32. Rb5 g6 33. h4 h5 34. Kh3 Qc4 35. Rb4 Qd5 36. Kh2 Rxe5 37. Rb8+ Kh7 38. Rb4 Rf5 39. Rf4 Qe6 40. Rxf5 Qxf5 41. a4 Qa5 42. Qf4 Qa7 43. Kg3 f5 44. Qc4 Qe3+ 45. Kh2 f4 46. Qf7+ Kh6 47. Qf8+ Kh7 48. Qf7+ Kh6 49. Qf8+ Kh7 50. Qf7+ 1/2-1/2

[Event "Maastricht Limburg op 15th"]
[Site "Maastricht"]
[Date "2023.05.27"]
[Round "3"]
[White "Dann, Matthias"]
[Black "Schroeder, Jan Christian"]
[Result "1-0"]
[WhiteElo "2459"]
[BlackElo "2553"]
[PlyCount "59"]
[EventDate "2023.05.26"]
[EventType "swiss"]
[EventRounds "7"]
[EventCountry "NED"]
[SourceTitle "CBM 214 Extra"]
[Source "ChessBase"]
[SourceDate "2023.07.31"]
[SourceVersion "1"]
[SourceVersionDate "2023.07.31"]
[SourceQuality "1"]

1. e4 e5 2. Nf3 Nc6 3. Bb5 a6 4. Ba4 Nf6 5. 0-0 Be7 6. Re1 b5 7. Bb3 d6 8. c3 0-0 9. h3 Nb8 10. d4 Nbd7 11. Nbd2 Bb7 12. Bc2 Re8 13. a4 Bf8 14. Bd3 c6 15. b4 Nb6 16. a5 Nbd7 17. Bb2 Qc7 18. Rc1 d5 19. exd5 cxd5 20. dxe5 Nxe5 21. Rxe5 Rxe5 22. c4 Ree8 23. cxb5 Qf4 24. bxa6 Rxa6 25. Bxa6 Bxa6 26. Bxf6 gxf6 27. Qb3 Be2 28. Rb1 d4 29. b5 Bc5 30. Qd5 1-0

[Event "Rilton Cup 50th"]
[Site "Stockholm"]
[Date "2022.12.27"]
[Round "1"]
[White "Stefanou, Dimitrios"]
[Black "Dann, Matthias"]
[Result "1/2-1/2"]
[WhiteElo "2266"]
[BlackElo "2465"]
[PlyCount "102"]
[EventDate "2022.12.27"]
[EventType "swiss"]
[EventRounds "9"]
[EventCountry "SWE"]
[SourceTitle "CBM 212 Extra"]
[Source "ChessBase"]
[SourceDate "2023.03.31"]
[SourceVersion "1"]
[SourceVersionDate "2023.03.31"]
[SourceQuality "1"]

1. Nf3 Nf6 2. g3 d6 3. d4 Nbd7 4. c4 e5 5. Nc3 Be7 6. Bg2 0-0 7. 0-0 c6 8. e4 a6 9. Re1 Re8 10. a3 Qc7 11. h3 b5 12. cxb5 axb5 13. Bg5 Qb8 14. d5 cxd5 15. Nxd5 Nxd5 16. Qxd5 Nf6 17. Qd2 h6 18. Bxf6 Bxf6 19. Red1 Be7 20. Ne1 Be6 21. Nd3 Bg5 22. Qe2 Bb3 23. Re1 Bc4 24. h4 Bd8 25. Qd1 Bb6 26. b3 Be6 27. Nb4 Bc5 28. Nd5 Bd4 29. Ra2 Ra7 30. Qd3 Rc8 31. Kh2 Rc5 32. Ree2 Qb7 33. Rec2 Ra8 34. b4 Rcc8 35. f4 Kh8 36. f5 Bd7 37. f6 Be6 38. fxg7+ Kxg7 39. Qf3 Qd7 40. Bf1 Bxd5 41. exd5 f5 42. Bh3 e4 43. Qxe4 fxe4 44. Bxd7 Rxc2+ 45. Rxc2 Rxa3 46. Bxb5 Be5 47. Re2 Rxg3 48. Rg2 Rxg2+ 49. Kxg2 Bc3 50. Kg3 Bxb4 51. Kf4 Kf6 1/2-1/2

[Event "BL2-Sued 2122"]
[Site "Germany"]
[Date "2022.06.18"]
[Round "7.1"]
[White "Dann, Matthias"]
[Black "Krassowizkij, Jaroslaw"]
[Result "1/2-1/2"]
[WhiteElo "2456"]
[BlackElo "2431"]
[PlyCount "97"]
[EventDate "2022.03.05"]
[EventType "team-tourn"]
[EventRounds "10"]
[EventCountry "GER"]
[SourceTitle "EXT 2023"]
[Source "ChessBase"]
[SourceDate "2022.10.05"]
[SourceVersion "1"]
[SourceVersionDate "2022.10.05"]
[SourceQuality "1"]
[WhiteTeam "Baden-Baden II"]
[BlackTeam "Schoenaich"]
[WhiteTeamCountry "GER"]
[BlackTeamCountry "GER"]

1. e4 e5 2. Nf3 Nf6 3. Nxe5 d6 4. Nf3 Nxe4 5. Nc3 Nxc3 6. dxc3 Be7 7. Be3 Nc6 8. Qd2 Be6 9. 0-0-0 Qd7 10. b3 a6 11. h4 h6 12. Be2 0-0-0 13. Nd4 Nxd4 14. Bxd4 f6 15. c4 Bg4 16. f3 Bf5 17. Rhe1 Rhe8 18. h5 Bf8 19. g4 Bh7 20. Bd3 Bxd3 21. Qxd3 d5 22. Rxe8 Qxe8 23. Qf5+ Qd7 24. Qxd7+ Rxd7 25. c5 c6 26. Kd2 Re7 27. b4 Re8 28. Rb1 Be7 29. a4 Kd7 30. Kd3 Bd8 31. c4 dxc4+ 32. Kxc4 Bc7 33. b5 axb5+ 34. axb5 cxb5+ 35. Kd5 Be5 36. Bf2 Bc7 37. Bd4 Be5 38. Rxb5 Bxd4 39. Kxd4 Kc7 40. Rb3 Re5 41. f4 Re1 42. Re3 Rxe3 43. Kxe3 Kd7 44. Ke4 Ke6 45. Kd4 Ke7 46. Kd5 Kd7 47. Ke4 Ke6 48. Kd4 Ke7 49. Kd5 1/2-1/2